Bevölkerungsreichste Länder 2050 - Statistiken

Allgemein
  • Dieses Quiz wurde 632 mal gespielt
  • Das Durchschnittsergebnis liegt bei 8 aus 10
Antwortstatistiken
Bevölkerung Land % Korrekt
1.312.640.000 China
100%
1.670.490.000 Indien
99%
375.390.000 Vereinigte Staaten
97%
230.890.000 Brasilien
87%
317.230.000 Indonesien
81%
377.460.000 Nigeria
76%
367.810.000 Pakistan
73%
203.910.000 Bangladesch
64%
217.490.000 DR Kongo
61%
214.810.000 Äthiopien
49%
Keine übereinstimmenden Quizze gefunden
Verteilung der Resultate
Anzahl Personen mit jedem Resultat
Perzentil nach korrekt beantworteten Fragen
Ihre Resultats-Entwicklung
Sie haben dieses Quiz noch nicht gespielt